|
|
|
|
| LEADER |
00000nab a2200000 a 4500 |
| 001 |
vtls000916144 |
| 003 |
SK-MaSNL |
| 005 |
20260302173449.0 |
| 008 |
040720e19920922xo 0 slo |
| 035 |
|
|
|a KE25026
|
| 040 |
|
|
|a KEVKJB
|b slo
|c KEVKJB
|e AACR2
|
| 041 |
0 |
|
|a slo
|
| 044 |
|
|
|a xo
|c SK
|
| 080 |
|
|
|a 614.23
|2 1981
|
| 080 |
|
|
|a 061.2
|2 1981
|
| 100 |
1 |
|
|a Bednářová, Katarína
|4 aut
|9 467882
|
| 245 |
1 |
0 |
|a Ostrý protest a prokurátor
|b S MUDr. D.Takácsovou hovoríme o zámeroch snemu SLK
|
| 590 |
|
|
|a Takácsová, Dagmar
|b členka prezídia SLK
|
| 600 |
1 |
7 |
|a Takácsová, Dagmar
|2 KEVKJB
|9 881305
|
| 610 |
2 |
7 |
|a Slovenská lekárska komora
|2 KEVKJB
|9 15463
|
| 650 |
0 |
7 |
|a snemy
|2 KEVKJB
|9 356594
|
| 650 |
0 |
7 |
|a rozhovory
|2 KEVKJB
|9 453585
|
| 651 |
|
7 |
|a Košice (Slovensko)
|2 KEVKJB
|9 18694
|
| 651 |
|
7 |
|a KE,
|2 KEVKJB
|9 877256
|
| 655 |
|
7 |
|a periodikum
|2 snkbucl
|9 29553
|
| 710 |
2 |
|
|a Slovenská lekárska komora
|4 aut
|9 15463
|
| 773 |
0 |
8 |
|t Košický večer
|g Roč. 3
|g Roč. 28, č.186, 22.9.1992, s. 1
|
| 852 |
|
|
|a ZVYKNI
|b KIS3GCP
|
| 999 |
|
|
|c 1401608
|d 1403538
|